| 000 | 00387nam a22001577a 4500 | ||
|---|---|---|---|
| 999 |
_c258707 _d258706 |
||
| 003 | OSt | ||
| 005 | 20200626110339.0 | ||
| 008 | 200626b xxu||||| |||| 00| 0 eng d | ||
| 020 | _a9780323029285 | ||
| 040 | _cN/A | ||
| 100 | _aDeborah C.Gray Morris | ||
| 245 | _aCalculate with Confidence | ||
| 250 | _aFourth Edition | ||
| 260 |
_aNew York _bMosby Elsevier _c2002 |
||
| 942 |
_2lcc _cBK |
||